| 000 | 01104nam a2200229 a 4500 | ||
|---|---|---|---|
| 001 | 000000322 | ||
| 005 | 20240502132913.0 | ||
| 008 | 081209s2008 dr 001 0 spa d | ||
| 040 |
_aDO-SdBNP _bspa _cBNPHU |
||
| 082 |
_a291.237 _bP349j |
||
| 100 | 1 |
_aPeña Puello, David _91088 |
|
| 245 | 1 | 0 |
_aJuan el Bautista : _bla reencarnación y karma del profeta Elías / _cDavid Peña Puello. |
| 260 |
_aSanto Domingo : _bLuz de Luna, _c2008. |
||
| 300 |
_a234 p. ; _c21 cm. |
||
| 505 | 1 |
_tIntroductorio -- _tReencanación, vida y muerte de Juan el Bautista -- _tTestimonio de Jesús y los profetas, y la identidad de Juan -- _tVida, ascensión mística de Elías y causa de su gran karma -- _tHábitos y costumbres de Elías y Juan ratifican la continuidad de vida del espíritu -- _tEl karma como respuesta a que Dios nunca castiga -- _tMás sobre la vida de Elías. |
|
| 590 | _aLos 3 primeros ejemplares autografiados por el autor | ||
| 590 | _aInventariado, 2018/VM | ||
| 650 | 4 |
_aReencarnación _91089 |
|
| 650 | 0 |
_aCristianismo _9885 |
|
| 600 | 0 | 4 |
_aJUAN BAUTISTA, _cSANTO _91090 |
| 600 | 0 | 4 |
_aELIAS, _cPROFETA _91091 |
| 999 |
_c321 _d321 |
||